000 004340000a22001810004500
003 MACL
005 20151231124202.0
008 151231b xxu||||| |||| 00| 0 eng d
040 _aMACL
_cMACL
041 _aEnglish
082 _a336.54/SHA
100 _aShah, K T
_925443
245 _aReview of Indian finance
260 _bThe Popular Book
_aBombay
350 _a2
650 _aEconomics
_925552
942 _cBK
_k336.54/Sha
_2ddc
999 _c36579
_d36579